Nazwiska mieszkańców dekanatu wadowickiego motywowane przez wyrazy złożone
| Titel: | Nazwiska mieszkańców dekanatu wadowickiego motywowane przez wyrazy złożone / Teresa Kolber |
|---|---|
| Verfasser: | |
| In: |
Onomastica Slavogermanica, Band 30 (2011), Seite 209-222 alle Artikel anzeigen |
| Veröffentlicht: | 2011 |
| Format: | Aufsatz |
| Sprache: | Polnisch |
X
alg: 33772495 001A $04505:11-03-14 001B $01999:12-07-19 $t16:20:48.000 001C $04505:11-03-14 $t17:14:57.000 001D $04505:11-03-14 001U $0utf8 001X $00 002@ $0Aou 003@ $0337724954 007A $0337724954 $aHEB 010@ $apol 011@ $a2011 021A $aNazwiska mieszkańców dekanatu wadowickiego motywowane przez wyrazy złożone $hTeresa Kolber 028A $7 $8Kolber, Teresa [Tnu] $9337747652 031A $d30 $h209-222 $j2011 039B $aIn $8--Abvc--. Onomastica Slavogermanica. - Stuttgart ; Leipzig : Hirzel, 1965-. - ISSN 0474-1471 $x201100000300000791 $9047296038 045T $a7,11 $a7,39 045T $aLING $qDE-30 $2FID 045T $aGER $qDE-30 $2FID 045W $801.07.10$jPolnisch [Tkv] $9133118894 045W $803.17.09$jNamen$vSprachwandel [Tkv] $9133094561 045W $803.17.03$jWortgeschichte [Tkv] $9133073599 045W $804.07.03$jFamiliennamen [Tkv] $9133073734 045W $804.04.05.003.04$jDeterminativkompositum [Tkv] $9133101746 lok: 33772495 64 exp: 33772495 64 1 #EPN 201B/01 $011-03-14 $t17:14:42.000 201C/01 $011-03-14 201U/01 $0utf8 203@/01 $0729190692 208@/01 $a11-03-14 $be 209A/01 $a0 $f000 $x00 209B/01 $a39 $x05 247C/01 $8Frankfurt, Bibliographie Linguistischer Literatur $9129368261 lok: 33772495 78 exp: 33772495 78 1 #EPN 201B/01 $013-07-21 $t13:31:32.000 201C/01 $013-07-21 201U/01 $0utf8 203@/01 $01161832629 208@/01 $a13-07-21 $be 209A/01 $a/ $f000 $x00 209A/01 $ab*p $x01 220C/01 $apgar 244Z/01 $#Generalgouvernement Polen $#Polska $#Rzeczpospolita Polska $#Polska Rzeczpospolita Ludowa $#Poland $#Pologne $#République Polonaise $#Generalne Gubernatorstwo w Polsce $#Polish People's Republic $#Polska Rzeczpospolita Polen $#PRL $#RP $#Polen Generalgouvernement $#Polska Generalgouvernement $#Besetzte Polnische Gebiete $#Besetztes Gebiet in Polen $#Okupowane Polskie Obszary $#Obszary Okupowane w Polsce $#Volksrepublik Polen $#Polska Rosyjska $#Republic Polen $#Respublika Pol'ša $#Pol'skaja Narodnaja Respublika $#République de Pologne $#Polen Links der Weichsel $#Polska po Lewej Stronie Wisły $#Lenkija $#Polija $#Gubernija Carstva Pol'skago $#Republik Polen $74046496-9 $8--Tg1--Polen $x01 $9085129801 244Z/01 $#Wadowitz $#Frauenstadt $74330857-0 $8--Tg1--Wadowice $x02 $9088087344 247C/01 $82080>Marburg/Lahn, Herder-Institut, Forschungsbibliothek, Bibliographieportal $9336309341
| LEADER | 00000caa a2200000 c 4500 | ||
|---|---|---|---|
| 001 | 337724954 | ||
| 003 | DE-603 | ||
| 005 | 20190712162048.0 | ||
| 007 | tu | ||
| 008 | 140311s2011 xx |||| | u00||u|pol c | ||
| 035 | |a (DE-599)HEB337724954 | ||
| 040 | |a DE-603 |b ger |c DE-603 |d DE-603 | ||
| 041 | |a pol | ||
| 084 | |a 7,11 |a 7,39 |2 ssgn | ||
| 084 | |a LING |q DE-30 |2 fid | ||
| 084 | |a GER |q DE-30 |2 fid | ||
| 100 | 1 | |a Kolber, Teresa |0 (DE-603)337747652 | |
| 245 | 0 | 0 | |a Nazwiska mieszkańców dekanatu wadowickiego motywowane przez wyrazy złożone |c Teresa Kolber |
| 264 | 0 | |c 2011 | |
| 773 | 0 | 8 | |i In |t Onomastica Slavogermanica |d Stuttgart ; Leipzig : Hirzel, 1965- |h 24 cm |x 0474-1471 |g Band 30 (2011), Seite 209-222 |w (DE-603)047296038 |w (DE-600)207370-5 |
| 924 | 0 | |9 603 |a (DE-603)729190692 |b DE-603 |c HES |d d | |
| 924 | 0 | |9 2080 |a (DE-603)1161832629 |b DE-2080 |c HES |d d |g / | |


